Possession proceedings and the HRA (Record no. 65019)

MARC details
000 -LEADER
fixed length control field 01335cam a2200241 4500
001 - CONTROL NUMBER
control field ABS63040
008 - FIXED-LENGTH DATA ELEMENTS--GENERAL INFORMATION
fixed length control field 000000n2000 000 0 eng u
035 ## - SYSTEM CONTROL NUMBER
System control number (Sirsi) u108907
100 ## - MAIN ENTRY--PERSONAL NAME
Personal name Henderson, A.
245 ## - TITLE STATEMENT
Title Possession proceedings and the HRA
260 ## - PUBLICATION, DISTRIBUTION, ETC.
Date of publication, distribution, etc. 2000
490 ## - SERIES STATEMENT
Series statement Solicitors' Journal
Volume/sequential designation 144(37) 906-907(2)
520 ## - SUMMARY, ETC.
Summary, etc. Looks at the impact of the Human Rights Act 1998 in proceedings for the possession of residential property. Under s6(1) of the Act it is unlawful for a public authority to act in a way which is incompatible with a Convention right. Thus a local authority's decision to seek the possession of residential property will be subject to Convention rights. This would suggest that in the course of possession proceedings, a tenant could argue that landlord authority is acting in breach of his Convention rights. Looks at which Convention rights a court will need to take into consideration in these circumstances, and counterveiling interests. Case law.
590 ## - LOCAL NOTE (RLIN)
Local note ABS
650 ## - SUBJECT ADDED ENTRY--TOPICAL TERM
Topical term or geographic name entry element HUMAN RIGHTS ACT 1998
650 ## - SUBJECT ADDED ENTRY--TOPICAL TERM
Topical term or geographic name entry element CONVENTION FOR THE PROTECTION OF HUMAN RIGHTS AND FUNDAMENTAL FREEDOMS
650 ## - SUBJECT ADDED ENTRY--TOPICAL TERM
Topical term or geographic name entry element RESIDENTIAL PROPERTY
9 (RLIN) 6266
650 ## - SUBJECT ADDED ENTRY--TOPICAL TERM
Topical term or geographic name entry element POSSESSION PROCEEDINGS
650 ## - SUBJECT ADDED ENTRY--TOPICAL TERM
Topical term or geographic name entry element EVICTION
650 ## - SUBJECT ADDED ENTRY--TOPICAL TERM
Topical term or geographic name entry element LOCAL AUTHORITIES
690 ## - LOCAL SUBJECT ADDED ENTRY--TOPICAL TERM (OCLC, RLIN)
Topical term or geographic name as entry element Landlord and tenant
9 (RLIN) 6252
942 ## - ADDED ENTRY ELEMENTS (KOHA)
Suppress in OPAC 0
Holdings
Withdrawn status Lost status Source of classification or shelving scheme Damaged status Not for loan Home library Current library Shelving location Date acquired Total Checkouts Barcode Date last seen Copy number Price effective from Koha item type
    Dewey Decimal Classification     London London Journal article 23/10/2000   108907-1001 06/08/2019 1 06/08/2019 Journal article